Loading...
| Fine Arts - Classical Music | 4 | 12.50 | 1,600% | 400% | 450% |
| Fine Arts - Other | 3 | 10.00 | 2,700% | 0% | 567% |
| Fine Arts - Painting & Sculpture | 4 | 10.00 | 2,925% | 0% | 425% |
| History - American | 5 | 18.00 | 3,240% | 540% | 680% |
| History - European | 3 | 13.33 | 3,767% | 267% | 267% |
| History - Other | 5 | 12.00 | 1,620% | 140% | 640% |
| History - World | 4 | 12.50 | 5,275% | 225% | 225% |
| Literature - American | 3 | 13.33 | 1,200% | 300% | 600% |
| Literature - British | 5 | 10.00 | 5,500% | 0% | 180% |
| Literature - European | 4 | 15.00 | 5,650% | 0% | 600% |
| Literature - World | 7 | 12.86 | 5,086% | 100% | 314% |
| Other | 5 | 10.00 | 1,620% | 480% | 160% |
| Philosophy | 4 | 12.50 | 2,925% | 0% | 550% |
| Religion | 5 | 8.00 | 1,620% | 500% | 0% |
| Science - Biology | 4 | 12.50 | 3,625% | 0% | 650% |
| Science - Chemistry | 3 | 10.00 | 0% | 533% | 267% |
| Science - Other | 3 | 10.00 | 1,633% | 267% | 267% |
| Science - Physics | 5 | 12.00 | 2,900% | 320% | 360% |
| Social Science | 6 | 10.00 | 600% | 417% | 250% |